000 00282 a2200145 4500
001 61445
020 _a8575564986
040 _cAnchieta - Pituba
100 _aCardoso, Joel
240 1 0 _aDiabetes
_lpor
245 1 0 _aDiabetes
300 _a82
650 4 _aDiabetes
942 _cBK
999 _c61445
_d61445